Super-heróis e seus atores - Statistics

Estatísticas Gerais
  • Esse quiz foi jogado 751 vezes
  • A pontuação média é 21 de 30
Estatísticas das Respostas
Ator/Atriz Super-Herói % Correto
Robert Downey Jr. Homem de Ferro
99%
Chris Evans Capitão América ou Tocha Humana
98%
Mark Ruffalo Hulk
97%
Tobey Maguire Homem-Aranha
95%
Scarlett Johansson Viúva Negra
95%
Chris Hemsworth Thor
94%
Christian Bale Batman
91%
Gal Gadot Mulher Maravilha
90%
Jason Momoa Aquaman
88%
Ryan Reynolds Deadpool ou Lanterna Verde
88%
Benedict Cumberbatch Doutor Estranho
85%
Paul Rudd Homem-Formiga
83%
Chadwick Boseman Pantera Negra
83%
Elizabeth Olsen Feiticeira Escarlate
81%
Jeremy Renner Gavião Arqueiro
78%
Hugh Jackman Wolverine
78%
Brie Larson Capitã Marvel
74%
Christopher Reeve Superman
73%
Zoe Saldana Gamora
65%
Paul Bettany Visão
62%
Anthony Mackie Falcão
57%
Evan Peters Mercúrio
52%
Don Cheadle Máquina de Combate
44%
Wesley Snipes Blade
43%
Zachary Levi Shazam
42%
Stephen Amell Arqueiro Verde
41%
Chris O'Donnell Robin
34%
Halle Berry Tempestade
34%
Josh Brolin Cable
27%
Famke Janssen Jean Grey
27%
Nenhum quiz correspondente encontrado
Distribuição das Pontuações
Porcentagem de Pessoas com Cada Pontuação
Percentil de Números Respondidos
Sua Pontuação Histórica
Você não jogou esse quiz